00462 2200181 4500001002100000005001500021035002000036245004100056100001600097250001200113300002900125260004500154082001000199084001600209020002200225650001700247600001600264INLIS00000000000117020240719092024 a0010-07240001631 aAku Suka Menolong Ibu /cDian Onasis0 aDian Onasis aCet. IV a40 hlm ;c19,9 x 19,7 cm aBanyuanyar Surakarta :bziyadbook,c2021 a741.5 a741.5 DIA a a978-602-317-514-7 4aKoleksi Anak04aDian Onasis